Normal view
MARC view
- الفقة الحنبلي
Entry Topical Term
001 - CONTROL NUMBER
- control field: 40344
003 - CONTROL NUMBER IDENTIFIER
- control field: JO-AjAnu
005 - DATE AND TIME OF LATEST TRANSACTION
- control field: 20230606080712.0
008 - FIXED-LENGTH DATA ELEMENTS
- fixed length control field: 230606|| aca||aabn | a|a d
040 ## - CATALOGING SOURCE
- Original cataloging agency: JO-AjAnu
- Transcribing agency: JO-AjAnu
150 ## - HEADING--TOPICAL TERM
- Topical term or geographic name entry element: الفقة الحنبلي
670 ## - SOURCE DATA FOUND
- Source citation: Work cat.: (JO-AjAnu)20680: نظمة وشرحه شحادة، موسى محمد, author 40343, منظومة الذهب المنجلي في الفقه الحنبلي مقيدا بدليل الطالب، ج2